000 00263nam a22001097a 4500
008 140529t xxu||||| |||| 00| 0 eng d
020 _a0-442-24086-4
100 _aMahendra K. Jain
_9917
245 _aThe bimolecular lipid membrane
300 _a470
942 _2ddc
_cBK
999 _c17155
_d17155